| 000 | 00527nam a2200169 a 4500 | ||
|---|---|---|---|
| 005 | 20240913064008.0 | ||
| 008 | 070924s1975 mx r 000 0 spa d | ||
| 035 | _aUPN01000152226 | ||
| 049 | _aCG | ||
| 050 | 4 |
_aLB775 M3.4 _bA5.7 |
|
| 245 | 0 | 0 |
_aAnton Makarenko : _bsu vida y labor pedagógica / _ccomp. A. Kudryashova ; tr. Joaquín Rodríguez. |
| 260 |
_aMoscú : _bProgreso, _c1975. |
||
| 300 | _a328 p. | ||
| 600 | 1 | 2 |
_aMakarenko, Anton Semenovich, _d1888-1939 _929100 |
| 700 | 1 |
_aKudryashova, A., _ecomp. |
|
| 905 | _aLibro | ||
| 999 |
_c124349 _d124349 |
||